000 00652nam a22002417a 4500
003 UA-OsUOA
001 21125
007 ta
008 20031119b un ||||| |||| 00| 0 ukr d
100 _aСапожников Б.Г.
090 _a94(510)"1939/1945"
_bС19
942 _cBK
040 _aUA-OsUOA
_brus
_cUA-OsUOA
_dUA-OsUOA
245 _aКитайский фронт во второй мировой войне
300 _a231 с.
_bІлюстрації
955 _a0
041 _arus
080 _a94(510)"1939/1945"
260 _aМосква
_bНаука
_c1971
044 _aRU
650 7 _2UDC
999 _c307318
_d307318